Qual jogador é, pelo clube que jogou V - Statistics

Estatísticas Gerais
  • Esse quiz foi jogado 95 vezes
  • A pontuação média é 8 de 15
Estatísticas das Respostas
Hint Resposta % Correto
Cruzeiro > Coritiba > Cruzeiro > Dinamo Kiev-UCR > Grêmio > Palmeiras > Al Duhail-CAT > Palmeiras Dudu
73%
Flamengo > Bayer Leverkusen-ALE > Corinthians > Beijing Gouan-CHIN > Corinthians Renato Augusto
72%
Internacional > Milan-ITA > Corinthians > São Paulo > Chelsea-ING > Villarreal-ESP >Tianjin Tianhai-CHIN > São Paulo > Orlando City-EUA Alexandre Pato
65%
Grêmio > Shaktar Donestk-UCR > Bayern de Munique-ALE > Juventus-ITA > Bayern de Munique-ALE > Grêmio > Los Angeles Galaxy-EUA Douglas Costa
61%
Atlético-GO > Avaí > Corinthians > Leganes-ESP > Panathinaikos-GRE > Fluminense > Grêmio > São Paulo Luciano
61%
Paysandu > Vasco > Fortaleza > Shimizu Pulse-JAP Yago Pikachu
60%
São Paulo > Kashima Antlers-JAP > Cruzeiro > Monaco-FRA > Santos > Grêmio > Corinthians > Cruz Azul-MEX > Atlético-MG > Corinthians Fabio Santos
55%
Paulista > Al Wahda-EAU > Grêmio > Wolfsburgo-ALE > Atlético-MG > Internacional > Flamengo > Atlético-MG Réver
55%
Santos > Lazio-ITA > West Ham-ING > Porto-POR > Lazio-ITA Felipe Anderson
52%
Santos > Shaktar Donestk-UCR > Internacional > Palmeiras > Flamengo > Shaktar Donestk-UCR > Internacional Alan Patrick
49%
América-SE > Botafogo-PB > Marabá > Paraná Clube > Santa Cruz > São José > Atlas-MEX > Ponte Preta > Santa Cruz > Palmeiras > Pyramids-EGI > Al Jazira-EAU > Atlético-MG Keno
44%
Guarani > Athlético-PR > Vila Nova > Tombense > Figueirense > Corinthians > Metalist-UCR > Cruzeiro > Palmeiras > Fluminense Willian Bigode
35%
Vasco > Internacional > Benfica-POR > Santos > Benfica-POR > Palmeiras > São Paulo > Chongqing Liangjiang-CHIN > Shenzen-CHIN > Atlético-MG Alan Kardec
32%
San Fernando-ESP > Rayo Vallecano-ESP > Atlético de Madrid-ESP > Bétis-ESP > Rayo Vallecano-ESP > Villarreal-ESP > Espanyol-ESP > Wuhan Yangtze-CHIN > Santos Léo Baptistão
31%
Tubarão > Chapecoense > Genova-ITA > Athletico-PR > Santos > São Paulo Jandrei
20%
Nenhum quiz correspondente encontrado
Distribuição das Pontuações
Porcentagem de Pessoas com Cada Pontuação
Percentil de Números Respondidos
Sua Pontuação Histórica
Você não jogou esse quiz